Đặc điểm sinh thái của cây Điên điển (Sesbania sesban) tại Vườn Quốc gia Tràm Chim, Tam Nông - Đồng Tháp Luận văn Thạc sĩ. Chuyên ngành: Sinh thái học
Luận văn trình bày đặc điểm sinh thái của cây Điên điển nhằm bảo tồn Điên điển tại Vườn quốc gia Tràm Chim.
Guardado en:
| Autor principal: | |
|---|---|
| Formato: | Libro |
| Lenguaje: | Undetermined |
| Publicado: |
Cần Thơ
Trường Đại học Cần Thơ
2010
|
| Materias: | |
| Etiquetas: |
Agregar Etiqueta
Sin Etiquetas, Sea el primero en etiquetar este registro!
|
| Thư viện lưu trữ: | Trung tâm Học liệu Trường Đại học Cần Thơ |
|---|
| LEADER | 01117nam a2200229Ia 4500 | ||
|---|---|---|---|
| 001 | CTU_161690 | ||
| 008 | 210402s9999 xx 000 0 und d | ||
| 082 | |a 577.3 | ||
| 082 | |b D513 | ||
| 088 | |a 60420120 | ||
| 100 | |a Huỳnh, Văn Dũng | ||
| 245 | 0 | |a Đặc điểm sinh thái của cây Điên điển (Sesbania sesban) tại Vườn Quốc gia Tràm Chim, Tam Nông - Đồng Tháp | |
| 245 | 0 | |b Luận văn Thạc sĩ. Chuyên ngành: Sinh thái học | |
| 245 | 0 | |c Huỳnh Văn Dũng ; Trương Thị Nga ( Hướng dẫn khoa học) | |
| 260 | |a Cần Thơ | ||
| 260 | |b Trường Đại học Cần Thơ | ||
| 260 | |c 2010 | ||
| 520 | |a Luận văn trình bày đặc điểm sinh thái của cây Điên điển nhằm bảo tồn Điên điển tại Vườn quốc gia Tràm Chim. | ||
| 650 | |a Ecology,Sinh thái học,Sinh thái học rừng,Forest ecology | ||
| 650 | |z Vietnam,Việt Nam,Việt Nam,Vietnam | ||
| 904 | |i Linh Cát, Trọng Hiếu | ||
| 980 | |a Trung tâm Học liệu Trường Đại học Cần Thơ | ||